[Event "WYCC U16 Open 2013"]
[Site "Al-Ain UAE"]
[Date "2013.12.27"]
[Round "10.41"]
[White "Valkama, Eero"]
[Black "Zakaryan, David"]
[Result "0-1"]
[WhiteElo "1960"]
[BlackElo "2196"]
[WhiteFideId "507555"]
[BlackFideId "24101923"]
[EventDate "2013.12.18"]

1. e4 c5 2. Nf3 e6 3. c4 Nc6 4. Nc3 g5 5. d3 h6 6. Be3 Qb6 7. d4 g4 8. dxc5 Bxc5
9. Bxc5 Qxc5 10. Nd2 Nf6 11. Be2 Nd4 12. Nb3 Nxb3 13. axb3 h5 14. h3 Rg8 15.
hxg4 hxg4 16. Qd3 b6 17. Nb5 Ke7 18. O-O-O Bb7 19. f3 gxf3 20. Bxf3 Bc6 21. Nd4
Ng4 22. Bxg4 Rxg4 23. b4 Qg5+ 24. Kb1 Bxe4 0-1

[Event "WYCC U16 Open 2013"]
[Site "Al-Ain UAE"]
[Date "2013.12.27"]
[Round "10.42"]
[White "Naoum, Spyridon"]
[Black "Liu, Zhaoqi"]
[Result "1-0"]
[WhiteElo "2183"]
[BlackElo "2061"]
[WhiteFideId "4227506"]
[BlackFideId "8609381"]
[EventDate "2013.12.18"]

1. d4 Nf6 2. Nf3 c5 3. c4 cxd4 4. Nxd4 g6 5. Nc3 Bg7 6. g3 Nc6 7. Bg2 O-O 8. O-O
Ng4 9. Nc2 d6 10. Bd2 Bd7 11. b3 a6 12. a4 Rb8 13. Ra2 h5 14. h3 Nf6 15. Qc1 Kh7
16. Kh2 Na5 17. Ra3 Bc6 18. e4 Nd7 19. Ne3 Ne5 20. f4 Nd3 21. Qb1 Nb4 22. Ncd5
Bxd5 23. exd5 Qb6 24. Qe1 Bb2 25. Bxb4 Bxa3 26. Bxa5 Qxb3 27. f5 Bb2 28. Be4 Be5
29. Ng2 Kg7 30. Bd2 Rbc8 31. Rf3 Qxc4 32. Qe3 Rh8 33. fxg6 h4 34. gxf7 hxg3+ 35.
Rxg3+ Bxg3+ 36. Kxg3 1-0

[Event "WYCC U16 Open 2013"]
[Site "Al-Ain UAE"]
[Date "2013.12.27"]
[Round "10.43"]
[White "Percivaldi, Martin"]
[Black "Nikolov, Rumen"]
[Result "0-1"]
[WhiteElo "2169"]
[BlackElo "2023"]
[WhiteFideId "1508148"]
[BlackFideId "2911620"]
[EventDate "2013.12.18"]

1. d4 Nf6 2. c4 g6 3. g3 Bg7 4. Bg2 O-O 5. Nc3 d6 6. Nf3 Nbd7 7. O-O e5 8. e4
exd4 9. Nxd4 Nc5 10. h3 a5 11. Be3 Re8 12. Qc2 Bd7 13. Rad1 Qb8 14. Rfe1 Ra6 15.
f4 Ne6 16. Qf2 Nxd4 17. Bxd4 Be6 18. c5 dxc5 19. Bxc5 Nd7 20. Be3 Nb6 21. e5 Nc4
22. Bd4 a4 23. Ne4 b6 24. g4 Rd8 25. f5 Bd5 26. Nf6+ Bxf6 27. Bxd5 Rxd5 28. exf6
c5 29. Bc3 Rxd1 30. Rxd1 Ra8 31. b3 axb3 32. axb3 Na5 33. Qe3 Nxb3 34. Be5 Qe8
35. Qh6 Qf8 36. Qe3 Qe8 37. Qh6 Qf8 38. Qf4 Nd4 39. Rd2 Rd8 40. Kf2 Nb5 41. Rb2
Nd6 42. Rxb6 Ne8 43. fxg6 hxg6 44. Rb7 Nd6 45. Re7 Nc8 46. Rc7 Nb6 47. Qc1 Nd5
48. Rxc5 Nb4 49. Rc3 Nd3+ 50. Rxd3 Rxd3 51. h4 Qa8 52. Bf4 Qf3+ 53. Ke1 Qe4+ 54.
Kf2 Rf3+ 0-1

[Event "WYCC U16 Open 2013"]
[Site "Al-Ain UAE"]
[Date "2013.12.27"]
[Round "10.44"]
[White "Pomini, Aurelien"]
[Black "Lo, Ryan"]
[Result "1/2-1/2"]
[WhiteElo "2165"]
[BlackElo "2025"]
[WhiteFideId "1320831"]
[BlackFideId "2609088"]
[EventDate "2013.12.18"]

1. e4 c5 2. Nf3 e6 3. d4 cxd4 4. Nxd4 a6 5. Nc3 Qc7 6. Be2 Nf6 7. O-O d6 8. Be3
Be7 9. f4 O-O 10. Bf3 Nc6 11. Qe1 Nxd4 12. Bxd4 e5 13. fxe5 dxe5 14. Qg3 Bc5 15.
Bf2 Be6 16. Nd5 Bxd5 17. exd5 Rad8 18. Rad1 Rfe8 19. Kh1 Bxf2 1/2-1/2

[Event "WYCC U16 Open 2013"]
[Site "Al-Ain UAE"]
[Date "2013.12.27"]
[Round "10.45"]
[White "Kalra, Agastya"]
[Black "Rydstrom, Tom"]
[Result "1/2-1/2"]
[WhiteElo "1956"]
[BlackElo "2156"]
[WhiteFideId "2604744"]
[BlackFideId "1714830"]
[EventDate "2013.12.18"]

1. e4 e5 2. Nf3 Nc6 3. Nc3 Nf6 4. d4 Bb4 5. Nxe5 Qe7 6. Nxc6 Qxe4+ 7. Qe2 dxc6
8. Bd2 Bxc3 9. Bxc3 O-O 10. O-O-O Qd5 11. Qc4 Qf5 12. f3 Be6 13. Qd3 Qd5 14. b3
a5 15. Qd2 b5 16. Bxa5 Rfb8 17. a3 c5 18. dxc5 Qxd2+ 19. Bxd2 Rxa3 20. Bd3 Ra2
21. Rde1 Rd8 22. b4 Ra1+ 23. Kb2 Ra2+ 24. Kc1 c6 25. Bg5 Rd4 26. Bxf6 gxf6 27.
Kd2 Rxb4 28. Ra1 Rxa1 29. Rxa1 Rh4 30. h3 Rh5 31. Ra3 Rxc5 32. Rc3 Rg5 33. g4
Bd5 34. f4 Rg7 35. Bxb5 h5 36. Bxc6 Bxc6 37. Rxc6 hxg4 38. hxg4 Rxg4 39. Ke3 Kf8
40. Rxf6 Ke7 41. Ra6 Rg1 42. c4 Rc1 43. Kd4 Rf1 44. Ke5 Re1+ 45. Kf5 Rc1 46.
Ra7+ Kd8 47. Ra4 Ke7 48. Ke5 Re1+ 49. Kd5 Rd1+ 50. Ke5 Re1+ 51. Kf5 Rc1 52. Rb4
Rc2 53. Ra4 Rc1 54. Ke5 Re1+ 55. Kd5 Rd1+ 56. Kc6 Rd4 57. Ra7+ Kf6 58. c5 Rxf4
59. Kc7 Rc4 60. c6 Ke5 61. Kd7 f5 62. c7 f4 63. Ra5+ Ke4 1/2-1/2

[Event "WYCC U16 Open 2013"]
[Site "Al-Ain UAE"]
[Date "2013.12.27"]
[Round "10.46"]
[White "Mezhlumyan, Marat"]
[Black "Foo, William J"]
[Result "0-1"]
[WhiteElo "1927"]
[BlackElo "2144"]
[WhiteFideId "13302973"]
[BlackFideId "419753"]
[EventDate "2013.12.18"]

1. Nf3 Nf6 2. g3 b5 3. a4 b4 4. d3 Bb7 5. Nbd2 d5 6. Nb3 e6 7. Bg2 c5 8. O-O Be7
9. c3 bxc3 10. bxc3 Nbd7 11. Nfd2 O-O 12. c4 Rb8 13. Qc2 d4 14. Ba3 Re8 15. Rfb1
Qc7 16. Bxb7 Rxb7 17. f3 h5 18. Ne4 h4 19. Kf2 Nh5 20. Rg1 f5 21. Ned2 hxg3+ 22.
hxg3 Nxg3 23. Rxg3 Bh4 24. Rg1 f4 25. Ne4 fxg3+ 26. Kg2 Be7 27. Nxg3 Nf6 28. Nd2
Reb8 29. Nde4 Bd6 30. Nxf6+ gxf6 31. Ne4 Kf7 32. Rh1 Rg8+ 33. Kf2 Rg7 34. a5 f5
35. Nxd6+ Qxd6 36. Rh3 Rb8 37. Qd1 Rbg8 38. Qh1 Ke8 39. Bc1 Qe5 40. Bh6 Rg2+ 41.
Qxg2 Rxg2+ 42. Kxg2 Qxe2+ 43. Kg3 Qxd3 44. Bf4 Qxc4 45. Rh8+ Kd7 46. Rh7+ Kc6
47. Rxa7 d3 48. Ra8 Qd5 49. Ra6+ Kb5 50. Rd6 Qxd6 0-1

[Event "WYCC U16 Open 2013"]
[Site "Al-Ain UAE"]
[Date "2013.12.27"]
[Round "10.47"]
[White "Rohan, Ahuja"]
[Black "Dogan, Mire Deniz"]
[Result "1-0"]
[WhiteElo "2128"]
[BlackElo "1772"]
[WhiteFideId "5090598"]
[BlackFideId "6317456"]
[EventDate "2013.12.18"]

1. Nf3 d5 2. g3 c6 3. Bg2 Nf6 4. c4 Bf5 5. Qb3 Qb6 6. cxd5 Qxb3 7. axb3 Nxd5 8.
d3 Nb4 9. Kd1 f6 10. Be3 N8a6 11. Nbd2 e5 12. Nc4 Bc5 13. Bxc5 Bxd3 14. Bxb4
Nxb4 15. exd3 Nxd3 16. Ke2 1-0

[Event "WYCC U16 Open 2013"]
[Site "Al-Ain UAE"]
[Date "2013.12.27"]
[Round "10.48"]
[White "Hui, Jeremy"]
[Black "Micottis, Dorian"]
[Result "1-0"]
[WhiteElo "1914"]
[BlackElo "2097"]
[WhiteFideId "2608987"]
[BlackFideId "26021986"]
[EventDate "2013.12.18"]

1. e4 c5 2. Nf3 e6 3. b3 a6 4. Bb2 Qc7 5. Bd3 Nc6 6. O-O d6 7. c3 Nf6 8. Bc2 b5
9. Qe2 Bb7 10. a3 Rc8 11. d3 Be7 12. Nbd2 O-O 13. d4 b4 14. c4 bxa3 15. Rxa3 e5
16. d5 Nb4 17. Bb1 Ne8 18. Ne1 Bg5 19. g3 Bxd2 20. Qxd2 g6 21. f4 f6 22. Nf3 Ng7
23. Bc3 Qb6 24. fxe5 fxe5 25. Qh6 Nh5 26. Ng5 Rxf1+ 27. Kxf1 Rc7 28. Bxb4 Qxb4
29. Ra2 Qxb3 30. Rf2 Qxb1+ 31. Kg2 Rg7 32. Ne6 Qxe4+ 33. Kh3 Nf4+ 34. Rxf4 1-0

[Event "WYCC U16 Open 2013"]
[Site "Al-Ain UAE"]
[Date "2013.12.27"]
[Round "10.49"]
[White "Hamdan, Marshool"]
[Black "Pamatmat, Jarod M"]
[Result "0-1"]
[WhiteElo "1749"]
[BlackElo "2164"]
[WhiteFideId "9303804"]
[BlackFideId "2029685"]
[EventDate "2013.12.18"]

1. e4 e6 2. d4 d5 3. exd5 exd5 4. Bd3 Nc6 5. c3 Bd6 6. Ne2 Qh4 7. Be3 Nf6 8. Nd2
Ng4 9. Nf3 Nxe3 10. Nxh4 Nxd1 11. Kxd1 Ne7 12. Ng3 g6 13. Re1 a5 14. Nf3 f6 15.
a4 Bd7 16. Kc2 Kf7 17. Bb5 c6 18. Bd3 b5 19. b3 Rhc8 20. h4 h5 21. Nf1 Nf5 22.
Ne3 Nxe3+ 23. Rxe3 bxa4 24. bxa4 Rab8 25. Re2 c5 26. Ree1 cxd4 27. Nxd4 Rb4 28.
Bb5 Bxb5 29. Nxb5 Be7 30. g3 d4 31. Rad1 Rxa4 32. Rxd4 Rxd4 33. Nxd4 Bc5 34. Kb3
Rb8+ 35. Kc4 Bd6 36. Kd5 Ba3 37. c4 Rd8+ 38. Kc6 Rxd4 39. Kb5 Bb4 40. Rc1 Rd2
41. c5 Rd5 42. Kb6 Rxc5 43. Rxc5 Bxc5+ 44. Kxc5 Ke6 45. f3 Ke5 46. g4 Kf4 0-1

[Event "WYCC U16 Open 2013"]
[Site "Al-Ain UAE"]
[Date "2013.12.27"]
[Round "10.50"]
[White "Cofre Archibold, Nestor"]
[Black "Daskalov, Dimitar"]
[Result "0-1"]
[WhiteElo "1966"]
[BlackElo "2156"]
[WhiteFideId "5122279"]
[BlackFideId "2902800"]
[EventDate "2013.12.18"]

1. c4 Nf6 2. g3 g6 3. Bg2 Bg7 4. Nc3 O-O 5. Nf3 d6 6. O-O e5 7. d3 Nc6 8. Rb1 a5
9. a3 Nh5 10. b4 axb4 11. axb4 h6 12. b5 Ne7 13. Nd2 f5 14. Qb3 Kh7 15. Ba3 Nf6
16. c5 d5 17. c6 bxc6 18. bxc6 Be6 19. Bxe7 Qxe7 20. Nxd5 Nxd5 21. Bxd5 Bxd5 22.
Qxd5 e4 23. Nb3 exd3 24. Qxd3 f4 25. Rbd1 Rae8 26. Rd2 Qe6 27. Rc1 Qf6 28. f3
fxg3 29. hxg3 Qg5 30. Kf2 Be5 31. Rg1 h5 32. Qc4 Bd6 33. Rxd6 cxd6 34. Qd3 d5
35. Qd4 Re7 36. Rd1 Qf5 37. Qh4 Re4 38. Qh2 Qe5 39. Nc1 Rc4 40. Qh3 Rf5 41. Nd3
Qd4+ 42. Kg2 Rxc6 43. g4 Rg5 44. Nf2 Qf4 45. Rd2 Kg7 46. Qh1 hxg4 47. fxg4 Rxg4+
48. Nxg4 Qxg4+ 49. Kh2 Qf4+ 50. Kh3 Qxd2 51. Qa1+ Qc3+ 0-1

[Event "WYCC U16 Open 2013"]
[Site "Al-Ain UAE"]
[Date "2013.12.27"]
[Round "10.51"]
[White "Motovilnik, Jurij"]
[Black "Nastase, Robert-Paul"]
[Result "0-1"]
[WhiteElo "1860"]
[BlackElo "2141"]
[WhiteFideId "13507273"]
[BlackFideId "1221175"]
[EventDate "2013.12.18"]

1. e4 c5 2. Nf3 d6 3. d4 cxd4 4. Nxd4 Nf6 5. Nc3 a6 6. f3 e6 7. Be3 b5 8. Qd2
Bb7 9. g4 Nfd7 10. O-O-O Nb6 11. Qf2 N8d7 12. h4 Rc8 13. Bd3 Rxc3 14. bxc3 Qc7
15. Kd2 d5 16. Ke2 Na4 17. Kf1 Nxc3 18. Re1 dxe4 19. fxe4 Nxe4 20. Bxe4 Bxe4 21.
Rh3 Bd6 22. h5 O-O 23. Kg1 Nc5 24. Nf3 f5 25. g5 f4 26. Bd4 Bf5 27. Rh4 Ne4 28.
Qg2 e5 29. Ba1 Bc5+ 30. Kh2 Bf2 31. Bxe5 Bg3+ 32. Kh1 Qc5 33. Bd4 Qd5 34. g6 h6
35. c3 b4 36. Bg1 Bxe1 37. Nxe1 Ng3+ 38. Kh2 Be4 39. Qf2 Qg5 40. Rh3 Bf5 41. Nf3
Qd8 42. Rh4 Be4 43. Rg4 bxc3 44. Ne1 Nxh5 45. Qe2 Nf6 46. Rh4 Qd6 47. Nf3 Bxf3 0-1

[Event "WYCC U16 Open 2013"]
[Site "Al-Ain UAE"]
[Date "2013.12.27"]
[Round "10.52"]
[White "Nazarov, Rustem"]
[Black "Shavdirov, Jahongir"]
[Result "0-1"]
[WhiteElo "2136"]
[BlackElo "1922"]
[WhiteFideId "14002280"]
[BlackFideId "14204193"]
[EventDate "2013.12.18"]

1. e4 c5 2. Nf3 e6 3. d4 cxd4 4. Nxd4 Nf6 5. Nc3 Nc6 6. Ndb5 Bb4 7. a3 Bxc3+ 8.
Nxc3 d5 9. exd5 exd5 10. Bg5 d4 11. Qe2+ Be6 12. Ne4 Qa5+ 13. Bd2 Qe5 14. Nxf6+
Qxf6 15. O-O-O O-O 16. f4 Qg6 17. Qf2 Bf5 18. Be1 Rac8 19. Bd3 Bxd3 20. Rxd3 Ne5
21. Rxd4 Nd3+ 22. Rxd3 Qxd3 23. Bb4 Rfe8 24. Re1 Rxe1+ 25. Bxe1 Qe4 26. Bc3 Re8
27. Qg3 g6 28. Qg5 Qe2 29. b3 Qe7 30. Qa5 Rc8 31. Qe5 Qxe5 32. Bxe5 Rc6 33. c3
f6 34. Bd4 a5 35. a4 Kf7 36. Kd2 Ke6 37. Ke3 Kf5 38. Kf3 h5 39. g3 g5 0-1

[Event "WYCC U16 Open 2013"]
[Site "Al-Ain UAE"]
[Date "2013.12.27"]
[Round "10.53"]
[White "Filipets, Egor"]
[Black "Yang, ching Wei, Austin"]
[Result "1-0"]
[WhiteElo "2112"]
[BlackElo "1824"]
[WhiteFideId "13503928"]
[BlackFideId "16300440"]
[EventDate "2013.12.18"]

1. d4 Nf6 2. c4 g6 3. Nc3 Bg7 4. e4 d6 5. Nf3 O-O 6. Be2 e5 7. O-O Nc6 8. d5 Ne7
9. Ne1 Nd7 10. Nd3 f5 11. f3 b6 12. b4 a5 13. Ba3 Bh6 14. bxa5 Rxa5 15. Bb4 Ra8
16. a4 Ba6 17. Qb3 Be3+ 18. Kh1 Kh8 19. a5 Nc8 20. f4 fxe4 21. Nxe4 Bxf4 22.
Nxf4 Rxf4 23. Rxf4 exf4 24. Rf1 Ne5 25. Rxf4 bxa5 26. Bc3 Nb6 27. Bxe5+ dxe5 28.
Rf7 Nxd5 29. cxd5 Rb8 30. Nf6 Qg8 31. Qxb8 1-0

[Event "WYCC U16 Open 2013"]
[Site "Al-Ain UAE"]
[Date "2013.12.27"]
[Round "10.55"]
[White "Bezuidenhout, Roland"]
[Black "Minald, Andrey"]
[Result "1-0"]
[WhiteTitle "CM"]
[WhiteElo "2037"]
[BlackElo "1848"]
[WhiteFideId "14304562"]
[BlackFideId "13506854"]
[EventDate "2013.12.18"]

1. e4 c5 2. Nf3 d6 3. Bb5+ Bd7 4. Bxd7+ Qxd7 5. O-O Nc6 6. c3 Nf6 7. Qe2 g6 8.
d4 cxd4 9. cxd4 Bg7 10. d5 Nb4 11. a3 Na6 12. Nc3 O-O 13. Rb1 Nc5 14. b4 Na4 15.
Nxa4 Qxa4 16. Bb2 Rac8 17. Nd4 Nd7 18. f4 Nb6 19. e5 dxe5 20. fxe5 Nxd5 21. Qf3
e6 22. Rbe1 Qd7 23. Re4 f5 24. Re2 Nb6 25. Nb3 Nc4 26. Nc5 Qc6 27. Qb3 Nxb2 28.
Rxb2 Rfe8 29. Rd2 Bf8 30. Nd7 Be7 31. Rfd1 Kf7 32. Qe3 Kg7 33. Qxa7 Bg5 34. Rd6
Qe4 35. Nc5 Be3+ 36. Kh1 Bxc5 37. bxc5 Re7 38. h3 Qxe5 39. c6 Rcc7 40. Rd7 Qe4
41. Qc5 Rexd7 42. Rxd7+ Rxd7 43. cxd7 Qe1+ 44. Kh2 Qd2 45. Qe7+ Kh6 46. Qh4+ 1-0

[Event "WYCC U16 Open 2013"]
[Site "Al-Ain UAE"]
[Date "2013.12.27"]
[Round "10.56"]
[White "Kenes, Aldiyar"]
[Black "Li, Xiang Wei  William"]
[Result "0-1"]
[WhiteElo "2026"]
[BlackElo "1846"]
[WhiteFideId "13707914"]
[BlackFideId "4303300"]
[EventDate "2013.12.18"]

1. e4 c5 2. Nf3 d6 3. d4 Nf6 4. Nc3 cxd4 5. Nxd4 a6 6. Be3 Ng4 7. Bg5 h6 8. Bh4
g5 9. Bg3 Bg7 10. Bc4 Nc6 11. Nxc6 bxc6 12. h4 Ne5 13. Bxe5 Bxe5 14. hxg5 Qa5
15. Qf3 Bg4 16. Qxf7+ Kd7 17. f3 Bxc3+ 18. Ke2 Raf8 19. Qg6 Qc5 20. Bd3 Rfg8 21.
Qf7 Be6 22. Qf4 hxg5 23. Qg3 Be5 24. Qe1 Bf4 25. Qf2 Qxf2+ 26. Kxf2 Rxh1 0-1

[Event "WYCC U16 Open 2013"]
[Site "Al-Ain UAE"]
[Date "2013.12.27"]
[Round "10.57"]
[White "Lien, Kjell Hakon"]
[Black "Gillot, Florent"]
[Result "1/2-1/2"]
[WhiteElo "2011"]
[BlackElo "1731"]
[WhiteFideId "1510444"]
[BlackFideId "225479"]
[EventDate "2013.12.18"]

1. e4 e6 2. d4 d5 3. exd5 exd5 4. Bd3 Bd6 5. Nf3 Nf6 6. O-O O-O 7. Bg5 Bg4 8.
Nbd2 h6 9. Bh4 Nbd7 10. c4 c6 11. c5 Bf4 12. Qc2 Re8 13. Rfe1 Qc7 14. Bg3 Nh5
15. Nh4 Nxg3 16. hxg3 Bg5 17. Nf5 Bxf5 18. Bxf5 Nf8 19. Nf3 Bf6 20. Qd2 Ne6 21.
Bxe6 Rxe6 22. Rxe6 fxe6 23. Re1 Re8 24. Ne5 Bxe5 25. Rxe5 Qf7 26. Qe3 Qg6 27.
Qe2 Kf7 28. a3 Rf8 29. b4 a6 30. Kh2 Ke7 31. a4 Rf5 32. b5 axb5 33. axb5 Qf6 34.
Rxf5 Qxf5 35. bxc6 bxc6 36. f3 Kd8 37. Qb2 Qh5+ 38. Kg1 Qe8 39. Qb8+ Ke7 40.
Qd6+ Kf7 41. Qc7+ Kf6 42. Qb7 Kg6 43. Kf2 Kf6 44. g4 Kg6 45. Qc7 Kf6 46. Qe5+
Kf7 47. Kg3 Qd7 48. Kf4 Qe7 49. Kg3 Qd7 50. f4 Kg8 51. g5 hxg5 52. Qxg5 Kf7 53.
Qh5+ Kg8 54. Kh4 Qe7+ 55. Kh3 Qf6 56. g3 Qf5+ 57. Kh4 g6 58. Qh6 Qf6+ 59. Qg5
Kg7 60. Qxf6+ Kxf6 61. Kg4 Kf7 62. Kg5 Kg7 63. g4 Kf7 64. f5 gxf5 65. gxf5 Ke7
66. fxe6 Kxe6 67. Kg6 Ke7 68. Kg7 Ke6 69. Kf8 Kf5 1/2-1/2

[Event "WYCC U16 Open 2013"]
[Site "Al-Ain UAE"]
[Date "2013.12.27"]
[Round "10.58"]
[White "Kwon, Sehyun"]
[Black "Plotkin, Mark"]
[Result "0-1"]
[WhiteElo "1706"]
[BlackElo "1992"]
[WhiteFideId "13203088"]
[BlackFideId "2611651"]
[EventDate "2013.12.18"]

1. e4 e5 2. Nf3 Nf6 3. Nxe5 d6 4. Nf3 Nxe4 5. d4 d5 6. Bd3 Nc6 7. O-O Bg4 8. c4
Nf6 9. cxd5 Nxd5 10. Nc3 Be7 11. Re1 O-O 12. h3 Bh5 13. Bxh7+ Kxh7 14. Ng5+ Kg8
15. Qxh5 Nf6 16. Qh4 g6 17. Nce4 Nh5 18. g4 Nxd4 19. Kg2 f6 20. Ne6 Nxe6 21.
gxh5 g5 22. Qg3 Qd5 23. f3 Rae8 24. Be3 Ng7 25. Qxc7 Nf5 26. Qc2 Nh4+ 27. Kf2
Qf5 28. Qc4+ Kh8 29. Nd2 Qxh3 30. Qg4 Qh2+ 31. Kf1 f5 32. Qg1 Qh3+ 33. Kf2 Bd6
34. Bd4+ Kh7 35. Rxe8 Rxe8 36. Rc1 Bg3+ 37. Qxg3 Re2+ 38. Kxe2 Qxg3 39. Rc8 Ng6
40. hxg6+ Kxg6 41. Rg8+ Kf7 42. Rg7+ Ke6 43. Bc3 g4 44. fxg4 fxg4 45. Rg6+ Ke7
46. Rg7+ Kf8 47. Ne4 Qf3+ 0-1

[Event "WYCC U16 Open 2013"]
[Site "Al-Ain UAE"]
[Date "2013.12.27"]
[Round "10.59"]
[White "Malhotra, Tarun"]
[Black "Karunarathna, Chathupa Induwara"]
[Result "1-0"]
[WhiteElo "1988"]
[BlackElo "1734"]
[WhiteFideId "5020549"]
[BlackFideId "9904727"]
[EventDate "2013.12.18"]

1. e4 e6 2. d4 d5 3. Nc3 Bb4 4. e5 c5 5. a3 Bxc3+ 6. bxc3 Ne7 7. Qg4 O-O 8. Bd3
Nbc6 9. Nf3 f5 10. exf6 Rxf6 11. Qh4 h6 12. Ne5 c4 13. Be2 Nxe5 14. dxe5 Rf8 15.
O-O Nf5 16. Qh3 Qh4 17. Qxh4 Nxh4 18. f4 Bd7 19. Be3 Nf5 20. Bc5 Rfc8 21. Bf2
Ba4 22. g4 Ne7 23. Rac1 b6 24. Bh4 Ng6 25. Bg3 Bd7 26. f5 Nh8 27. h4 Rf8 28. Bf3
g6 29. fxe6 Bxe6 30. Kg2 Rad8 31. Rcd1 Rd7 32. Rd4 Rfd8 33. a4 Nf7 34. Rb1 Rb8
35. a5 b5 36. a6 Kg7 37. Rdd1 Rb6 38. Ra1 Rb8 39. Ra5 Nd8 40. Rb1 b4 41. Rxb4
Rxb4 42. cxb4 Nc6 43. Rb5 Nd4 44. Rb7 Nxc2 45. Bf2 d4 46. Be4 d3 47. b5 Nb4 48.
Be1 Nc2 49. Bd2 Na3 50. b6 Nb1 51. Rxd7+ Bxd7 52. b7 Nxd2 53. Bxd3 Bc6+ 54. Kh3
cxd3 55. b8=Q Ne4 56. Qxa7+ Kf8 57. e6 Be8 58. Qd4 d2 59. a7 Bc6 60. Qd8+ Kg7
61. e7 d1=Q 62. Qf8+ Kh7 63. Qf7+ Kh8 64. a8=Q+ 1-0

[Event "WYCC U16 Open 2013"]
[Site "Al-Ain UAE"]
[Date "2013.12.27"]
[Round "10.61"]
[White "Shumskis, Aleksandrs"]
[Black "Bayramov, Elkhan Khayyat"]
[Result "0-1"]
[WhiteElo "1849"]
[BlackElo "2173"]
[WhiteFideId "11602414"]
[BlackFideId "13400525"]
[EventDate "2013.12.18"]

1. d4 Nf6 2. c4 c5 3. d5 e5 4. Nc3 d6 5. e4 g6 6. g3 Bg7 7. Bg2 O-O 8. Nge2 a6
9. O-O Nh5 10. Be3 f5 11. Qd2 Nd7 12. Rac1 Ndf6 13. f3 Bd7 14. Qd3 Ne8 15. f4
Qe7 16. exf5 Bxf5 17. Be4 exf4 18. Bxf5 fxe3 19. Be6+ Kh8 20. Rxf8+ Bxf8 21.
Qxe3 Nc7 22. Rf1 Re8 23. Nd1 Nxe6 24. dxe6 Bg7 25. Rf7 Qxf7 26. exf7 Rxe3 27.
Nxe3 Bf8 28. g4 Nf6 29. Nf4 Kg7 30. Ne6+ Kxf7 31. Nd8+ Ke7 32. Nxb7 Bh6 33. Nd5+
Nxd5 34. cxd5 Bg7 35. b3 Bc3 36. Kf2 Kd7 37. Ke3 Kc7 38. Kd3 Be1 39. Ke2 Bb4 40.
a3 Kxb7 41. axb4 Kb6 42. h4 cxb4 43. Ke3 a5 0-1

[Event "WYCC U16 Open 2013"]
[Site "Al-Ain UAE"]
[Date "2013.12.27"]
[Round "10.62"]
[White "Todorovic, Nenad I"]
[Black "Valenzuela Martinez, Hermes"]
[Result "1-0"]
[BlackTitle "CM"]
[WhiteElo "2125"]
[BlackElo "1867"]
[WhiteFideId "912832"]
[BlackFideId "5111919"]
[EventDate "2013.12.18"]

1. e4 d5 2. exd5 Qxd5 3. Nc3 Qa5 4. d4 c6 5. Bc4 Nf6 6. Bd2 Qc7 7. Nge2 e6 8.
O-O Bd6 9. Ng3 Nbd7 10. Re1 O-O 11. Qf3 e5 12. Nce4 Nxe4 13. Nxe4 exd4 14. Nxd6
Qxd6 15. Bf4 Qf6 16. Qg3 Qg6 17. Qxg6 hxg6 18. Bd6 Rd8 19. Re7 Rf8 20. Rae1 Nb6
21. Rxf7 Rxf7 22. Re8+ Kh7 23. Bxf7 Bf5 24. Rxa8 Nxa8 25. Bb3 d3 26. c4 Nb6 27.
Bc5 d2 28. Bxb6 axb6 29. Bd1 Bb1 30. a3 Bd3 31. b3 g5 32. f3 b5 33. c5 Kg6 34.
Kf2 Kf6 35. Ke3 Bf5 36. Kxd2 Ke5 37. Kc3 Be6 38. b4 Bd5 39. Kd3 g4 40. fxg4 Bxg2
41. h4 Kf4 42. g5 Bh3 43. Kd4 Bg4 44. Bc2 Be6 45. Bd3 Bg4 46. g6 Bf3 47. Bc2 Bg4
48. Bb3 Kf5 49. Bf7 Bh5 50. Be8 Ke6 51. Ke4 Ke7 52. Bf7 Kf6 53. Kf4 Bxg6 54.
Bxg6 Kxg6 55. Ke5 Kh5 56. Kf5 g6+ 57. Kf6 Kh6 58. Kf7 Kh5 59. Kg7 Kxh4 60. Kxg6
Kg3 61. Kf6 Kf3 62. Ke6 Ke3 63. Kd6 Kd3 64. Kc7 1-0

[Event "WYCC U16 Open 2013"]
[Site "Al-Ain UAE"]
[Date "2013.12.27"]
[Round "10.63"]
[White "Volna, Lukas"]
[Black "Neagu, Mihai-Cosmin"]
[Result "0-1"]
[WhiteElo "1833"]
[BlackElo "2069"]
[WhiteFideId "14928728"]
[BlackFideId "1205560"]
[EventDate "2013.12.18"]

1. b3 Nf6 2. Bb2 e6 3. e3 b6 4. f4 Bb7 5. Nf3 c5 6. Be2 Be7 7. O-O d5 8. Qe1
Nbd7 9. Qg3 h5 10. Ne5 Rg8 11. Bb5 Qc7 12. f5 h4 13. Qh3 Qd6 14. fxe6 Qxe6 15.
Qxh4 O-O-O 16. Nxd7 Nxd7 17. Qa4 a5 18. Qf4 Bd6 19. Qxf7 Qh6 20. Bxd7+ Rxd7 21.
Qxg8+ Rd8 22. Qxg7 Qxh2+ 23. Kf2 Bg3+ 24. Qxg3 Rf8+ 25. Ke2 Qxg3 26. Rxf8+ Kc7
27. Rf2 Qg4+ 28. Ke1 d4 29. Na3 Bxg2 30. exd4 Bf3 31. d3 Qg1+ 32. Kd2 Qxf2+ 33.
Kc3 Qxd4+ 34. Kd2 Qxb2 35. Nb5+ Kc6 36. Rf1 Kxb5 37. Rxf3 Qxa2 38. Rf4 Qb2 39.
Rc4 Ka6 40. Kd1 Qf6 41. Kc1 Qa1+ 42. Kd2 Qe5 43. Re4 Qg5+ 44. Kc3 b5 45. Kb2 Qd5
46. Ka3 Kb6 47. Kb2 Kc6 48. Rh4 Qe5+ 49. Ka2 Qg5 50. Rh7 Qc1 51. Rh2 Kd5 52. c4+
bxc4 53. dxc4+ Kd4 54. Rh4+ Kc3 55. Rh3+ Kb4 56. Rh2 Qa3+ 57. Kb1 Qxb3+ 0-1

[Event "WYCC U16 Open 2013"]
[Site "Al-Ain UAE"]
[Date "2013.12.27"]
[Round "10.64"]
[White "Aleksanyan, Hrant"]
[Black "Ostapchik, Anton"]
[Result "1/2-1/2"]
[WhiteElo "1981"]
[BlackElo "1897"]
[WhiteFideId "13306634"]
[BlackFideId "13509705"]
[EventDate "2013.12.18"]

1. d4 Nf6 2. Nf3 g6 3. g3 Bg7 4. Bg2 O-O 5. O-O d6 6. Nbd2 c6 7. e4 Qc7 8. b3
Bg4 9. Bb2 Nbd7 10. Re1 e5 11. h3 Bxf3 12. Nxf3 exd4 13. Nxd4 Rfe8 14. c4 a5 15.
Qc2 a4 16. b4 a3 17. Bc3 Nb6 18. Qb3 Na4 19. Rad1 Nxc3 20. Qxc3 Qb6 21. Qd2 Nd7
22. Nc2 Ne5 23. Ne3 Ra4 24. Rb1 Bh6 25. c5 dxc5 26. bxc5 Qxc5 27. Rxb7 Rd4 28.
Qe2 Red8 29. Ng4 Bg7 30. Nxe5 Bxe5 31. Qe3 Qa5 32. Re2 Rd3 33. Qa7 Rd1+ 34. Kh2
Qxa7 35. Rxa7 Bb2 36. e5 Ra1 37. Bxc6 Rxa2 38. Bb5 Ra1 39. Bc4 Rf8 40. Kg2 Rc1 1/2-1/2